000 00644nam a22002177a 4500
003 UA-OsUOA
001 63974
007 ta
008 20091027b un ||||| |||| 00| 0 ukr d
100 _aЛастовляк О.В.
090 _a330(477)
_bЛ26
942 _cSA
040 _aUA-OsUOA
_bukr
_cUA-OsUOA
_dUA-OsUOA
245 _aАмортизація основних засобів у ситемі бухгалтерського обліку, її аналіз та контроль
300 _aС.16-22
955 _a0
041 _aukr
080 _a330(477)
773 0 _w63971
650 7 _a330 Економіка взагалі
_2UDC
999 _c350050
_d350050